Memahami jiwa kanak-kanak
| Main Author: | |
|---|---|
| Format: | Book |
| Published: |
Kuala Lumpur :
Syarikat S.Abdul Majeed ,
1991
|
| Subjects: |
MARC
| LEADER | 00000cam a2200000 7i4500 | ||
|---|---|---|---|
| 001 | 0000004833 | ||
| 002 | 000005209 | ||
| 005 | 20000330.0 | ||
| 020 | |a 9839629611 | ||
| 090 | 0 | 0 | |a 155.4 |b KAS |
| 100 | 0 | |a Kasmini Kassim |f Dr | |
| 245 | 1 | 0 | |a Memahami jiwa kanak-kanak |c Dr.Kasmini Kassim |
| 260 | |a Kuala Lumpur : |b Syarikat S.Abdul Majeed , |c 1991 | ||
| 300 | |a 155p. ; |c 22cm. | ||
| 650 | 0 | 0 | |a Child psychology |
| 999 | |a 028026 |b BUKU |c PINJAMAN |e PERPUSTAKAAN KOMUNITI PETALING JAYA | ||
| 999 | |a 037545 |b BUKU |c PINJAMAN |e PERPUSTAKAAN KOMUNITI PETALING JAYA | ||